Statystyki dla najlepsze reprezentacje według rankingu FIFA

Kliknij tutaj aby rozwiązać quiz!

Ogólne statystyki

  • Ten quiz został rozwiązany 451 razy
  • Średni wynik to 53 z 100

Statystyki odpowiedzi

rankingkraje% Poprawnych
4Francja
98%
26Polska
98%
3Argentyna
97%
1Brazylia
97%
11Niemcy
92%
5Anglia
89%
7Hiszpania
89%
9Portugalia
89%
33Rosja
86%
2Belgia
85%
6Włochy
85%
8Holandia
83%
16Stany Zjednoczone
83%
35Czechy
81%
25Szwecja
81%
24Japonia
80%
27Ukraina
80%
12Chorwacja
79%
13Meksyk
78%
41Kanada
77%
22Maroko
77%
14Urugwaj
77%
55Słowacja
76%
42Norwegia
75%
79Chiny
73%
28Korea Południowa
72%
10Dania
71%
18Senegal
71%
29Chile
70%
15Szwajcaria
70%
39Egipt
69%
51Arabia Saudyjska
68%
38Australia
68%
21Serbia
68%
34Austria
67%
52Grecja
67%
56Finlandia
66%
17Kolumbia
65%
63Słowenia
65%
19Walia
65%
49Irlandia
64%
45Turcja
63%
20Iran
61%
50Katar
61%
67Republika Południowej Afryki
60%
36Węgry
59%
66Albania
58%
44Ekwador
58%
23Peru
58%
40Szkocja
56%
53Rumunia
55%
31Kostaryka
54%
62Islandia
53%
32Nigeria
53%
97Białoruś
52%
68Irak
51%
58Bośnia i Hercegowina
50%
43Kamerun
50%
37Algieria
49%
57Wenezuela
49%
47Paragwaj
48%
30Tunezja
48%
61Ghana
47%
72Bułgaria
46%
82Boliwia
45%
65Macedonia
44%
76Izrael
42%
60Panama
42%
78Gruzja
39%
69Czarnogóra
38%
59Irlandia Północna
37%
48Wybrzeże Kości Słoniowej
36%
93Armenia
34%
73Demokratyczna Republika Konga
32%
100Kongo
32%
92Luksemburg
32%
80Honduras
31%
64Jamajka
31%
75Oman
29%
81Gabon
27%
46Mali
26%
83Gwinea
24%
96Wietnam
24%
90Syria
23%
87Haiti
21%
99Liban
20%
77Uzbekistan
20%
74Salwador
19%
88Zambia
19%
84Jordania
18%
89Uganda
17%
85Bahrajn
15%
54Burkina Faso
15%
70Zjednoczone Emiraty Arabskie
12%
98Gwinea Równikowa
11%
95Kirgistan
11%
91Benin
10%
94Palestyna
8%
71Wyspy Zielonego Przylądka
6%
86Curacao
3%

Rozkład punktacji

Percentyl według liczby udzielonych odpowiedzi

Procent ludzi z każdym wynikiem

Twoja historia wyników

Nie rozwiązałeś tego quizu